000 01705cam a2200433 a 4500
001 4490542
003 ARRUPE
005 20151104115732.0
008 761222m19789999mtu b 001 0 eng
010 _a76057656
020 _a0891301305 (v. 1)
035 _a(OCoLC)232186674
035 _a(OCoLC)ocn232186674
035 _a(NNC)4490542
040 _aDLC
_cDLC
_dNNUT
050 0 _aBM173
_b.A66
090 _aBM173
_b.A66
100 _aGreen, William Scott
_920905
245 0 0 _aApproaches to ancient Judaism /
_cedited by William Scott Green.
260 _aMissoula, Mont. :
_bPublished by Scholars Press for Brown University,
_cc1980-
300 _av. 207p. ;
_c24 cm.
490 1 _aBrown Judaic studies,
_x0147-927X ;
_vno. 1, 9, 11, 27, 192
500 _aSubtitle, v. 1: Theory and practice.
500 _aSubtitle lacking in v. 2.
500 _aSubtitle, v. 3: Text as context in early rabbinic literature.
500 _aSubtitle, v. 4: Studies in liturgy, exegesis, and Talmudic narrative.
500 _aSubtitle, v. 6: Studies in the ethnography and literature of Judaism.
504 _aIncludes bibliographical references and indexes.
590 _aLibrary has: v. 1-6.
650 0 _aJudaism
_xHistory
_yPost-exilic period, 586 B.C.-210 A.D.
_920906
650 0 _aRabbinical literature
_xHistory and criticism.
_911811
650 0 _aRabbinical literature
_xStudy and teaching (Higher)
_920907
700 1 _aGreen, William Scott.
_920905
740 0 _aText as context in early rabbinic literature.
740 0 _aStudies in liturgy, exegesis, and Talmudic narrative.
830 0 _aBrown Judaic studies ;
_vno. 1, etc.
_920908
942 _2lcc
_cMONOGRAPH
999 _c123732
_d123732